LEADER 01308nam a2200265 4500 001 000000344019 003 CaOOAMICUS 005 20210128000000.0 008 210128s2014 it 000 u ita r 020 $a978-88-10-51145-9 040 $aSeMil$bita 100 1 $aFerrario, Giovanni,$d<1969- >.$0(OLS)http://semarc/name/14231 245 10$aPer amore e per grazia :$bpre-corso per coppie in cammino verso il sacramento del matrimonio : quaderno per le coppie /$cGiovanni Ferrario, Cecilia Pirrone, Francesco Scanziani. 264 1$aBologna :$bEDB,$c2014. 300 $a48 p. ;$c21 cm 650 4$aMatrimonio (Sacramento) - Manuali.$0(OLS)http://semarc/subject/20090 700 1 $aPirrone, Cecilia,$d<1972- >.$0(OLS)http://semarc/name/14232 700 1 $aScanziani, Francesco,$d<1968- >.$0(OLS)http://semarc/name/14233 850 $aSeMil 852 $aSeMil$W1$xVenegono$y1$m2C II 677$j224112$B235068$CSeMilBibl$Z2$F235068 $81 961 $aPirrone Cecilia - Omaggio 996 $6020$a978-88-10-51145-9$9(OLS)http://semarc/number/292230 996 $6245$aPer amore e per grazia :$bpre-corso per coppie in cammino verso il sacramento del matrimonio : quaderno per le coppie$9(OLS)http://semarc/title/433085 996 $6264$aBologna :$bEDB$9(OLS)http://semarc/publisher/29669 LEADER 01020nam a2200253 i 4500 001 000000052641 003 CaOOAMICUS 005 20220913110437.0 008 120416s1956 it u000 u ita u 013 $a23813 040 $aSeMil$bita 100 1 $aBorra, Edoardo.$0(OLS)http://semarc/name/25977 245 10$aManuale del perfetto accidioso /$cdi Edoardo Borra. 260 $aRoma :$bPaoline,$cstampa 1956. 300 $a155 p. ;$c18 cm. 490 0 $aPsychologica : collana universale di psicologia e pedagogia ;$v38 500 $aRilegato con: 2D I 136/A-B-C 650 4$aAccidia.$0(OLS)http://semarc/subject/10872 830 0$aPsychologica : collana universale di psicologia e pedagogia ;$v38.$0(OLS)http://semarc/title/417 850 $aSeMil 852 $aSeMil$W1$xVenegono$y1$m2D I 136/D$j18795$B18795$CSeMilBibl$Z2$F18797 $81 996 $6245$aManuale del perfetto accidioso$9(OLS)http://semarc/title/80855 996 $6260$aRoma :$bPaoline$9(OLS)http://semarc/publisher/29686